[Event "119th NZL-ch op"]
[Site "Queenstown NZL"]
[Date "2012.01.15"]
[Round "1"]
[White "Aldridge, Alan"]
[Black "Haznedaroglu, Kivanc"]
[Result "0-1"]
[WhiteElo "1945"]
[BlackElo "2455"]
[EventDate "2012.01.15"]
[PlyCount "56"]

1.d4 Nf6 2.c4 e6 3.Nc3 Bb4 4.e3 O-O 5.Nf3 c5 6.Bd3 d5 7.O-O a6 8.a3 cxd4 
9.exd4 Bxc3 10.bxc3 dxc4 11.Bxc4 Qc7 12.Qd3 b5 13.Bb3 Bb7 14.Re1 Bd5 15.
Bxd5 exd5 16.a4 bxa4 17.Rxa4 Qc6 18.Rb4 a5 19.Ne5 Qc8 20.Ra4 Nbd7 21.Bf4 
Nb6 22.Ra3 Nfd7 23.Qb5 Nxe5 24.dxe5 Nc4 25.Ra4 Qe6 26.Bc1 Rfb8 27.Qc5 Nxe5
28.Be3 Nd3 0-1

[Event "119th NZL-ch op"]
[Site "Queenstown NZL"]
[Date "2012.01.15"]
[Round "1"]
[White "Beckman, John"]
[Black "Tang, Jason"]
[Result "1/2-1/2"]
[WhiteElo "1719"]
[BlackElo "2030"]
[EventDate "2012.01.15"]
[PlyCount "144"]

1.e4 e6 2.c4 c5 3.Nc3 Nc6 4.Nf3 a6 5.a3 g6 6.d4 cxd4 7.Nxd4 Bg7 8.Nxc6 
bxc6 9.Be2 Ne7 10.Qd6 Bb7 11.Bf4 Nc8 12.Qd2 c5 13.O-O O-O 14.f3 Ne7 15.Kh1
Bd4 16.Bh6 Re8 17.Bd3 Qc7 18.Ne2 Bh8 19.Rab1 Nc6 20.Bf4 e5 21.Bh6 Nd4 22.
Nc3 d6 23.b4 Bc6 24.Nd5 Bxd5 25.cxd5 a5 26.bxc5 Qxc5 27.Qc1 Rac8 28.Qxc5 
Rxc5 29.Rfc1 Rxc1+ 30.Rxc1 Bg7 31.Bd2 Nb3 32.Rc2 Rb8 33.Rb2 a4 34.Bb4 Nc5 
35.Bc2 Bh6 36.Bc3 Rc8 37.g3 Bc1 38.Ra2 Nb3 39.Bb4 Rd8 40.Bd3 Nd4 41.Kg2 
Kf8 42.Bc2 Nb3 43.Bd1 Ke7 44.Rc2 Be3 45.Rc3 Bd4 46.Rc4 h5 47.Be1 Nc5 48.
Be2 f5 49.exf5 gxf5 50.f4 h4 51.g4 Rh8 52.h3 Be3 53.fxe5 dxe5 54.Bb4 Kd6 
55.Bxc5+ Bxc5 56.gxf5 Rg8+ 57.Bg4 Rb8 58.Rxa4 Rb2+ 59.Kf1 Rf2+ 60.Ke1 Kxd5
61.Ra5 Ra2 62.a4 Kd4 63.Ra8 Ke3 64.Rb8 Rxa4 65.Rb3+ Ke4 66.f6 Ra6 67.Rf3 
Ra1+ 68.Kd2 Ra8 69.Rc3 Bb4 70.Bf3+ Kd4 71.Bxa8 Bxc3+ 72.Ke2 e4 1/2-1/2

[Event "119th NZL-ch op"]
[Site "Queenstown NZL"]
[Date "2012.01.15"]
[Round "1"]
[White "Benson, Christopher"]
[Black "Ly, Moulthun"]
[Result "0-1"]
[WhiteElo "1924"]
[BlackElo "2376"]
[EventDate "2012.01.15"]
[PlyCount "34"]

1.e4 c5 2.Nf3 e6 3.d4 cxd4 4.Nxd4 a6 5.Be3 Nf6 6.Nd2 Qc7 7.f4 Bc5 8.c3 d6 
9.Qf3 O-O 10.Bd3 Nbd7 11.O-O e5 12.Nf5 exf4 13.Qxf4 Ne5 14.Bc2 Bxf5 15.Bd4
Bg6 16.Rac1 Bxd4+ 17.cxd4 Qb6 0-1

[Event "119th NZL-ch op"]
[Site "Queenstown NZL"]
[Date "2012.01.15"]
[Round "1"]
[White "Booth, Anthony"]
[Black "Lukey, Stephen"]
[Result "0-1"]
[WhiteElo "1834"]
[BlackElo "2261"]
[EventDate "2012.01.15"]
[PlyCount "42"]

1.e4 c5 2.Bc4 e6 3.Nc3 a6 4.a4 Nc6 5.f4 Nge7 6.Nf3 d5 7.exd5 exd5 8.Be2 
Nf5 9.O-O Be7 10.Ne5 O-O 11.Nxc6 bxc6 12.Bg4 c4 13.d4 cxd3 14.Qxd3 Bc5+ 
15.Kh1 Qf6 16.Nxd5 cxd5 17.Qxd5 Qd6 18.Qxa8 Ng3+ 19.hxg3 Bxg4 20.Qxf8+ 
Kxf8 21.Be3 Bxe3 0-1

[Event "119th NZL-ch op"]
[Site "Queenstown NZL"]
[Date "2012.01.15"]
[Round "1"]
[White "Cooper, Nigel"]
[Black "Bird, Andrew"]
[Result "0-1"]
[WhiteElo "1802"]
[BlackElo "2216"]
[EventDate "2012.01.15"]
[PlyCount "60"]

1.Na3 e5 2.b3 d5 3.e3 Nf6 4.Bb2 a6 5.c4 d4 6.Nf3 dxe3 7.fxe3 e4 8.Ne5 Bd6 
9.Be2 Qe7 10.Ng4 Bxg4 11.Bxg4 Bxa3 12.Bxa3 Qxa3 13.O-O Qe7 14.Be2 Nc6 15.
d4 exd3 16.Qxd3 Rd8 17.Qc3 O-O 18.Rae1 Ne5 19.h3 Ne4 20.Qc2 Ng3 21.Rf2 
Nxe2+ 22.Rfxe2 Rd7 23.e4 Rfd8 24.Rf1 g6 25.Ref2 Qc5 26.Kh1 Qe3 27.Re2 Rd2 
28.Qc1 Qxe2 29.Rg1 Nf3 30.gxf3 Qh2# 0-1

[Event "119th NZL-ch op"]
[Site "Queenstown NZL"]
[Date "2012.01.15"]
[Round "1"]
[White "Davies, Geoff"]
[Black "Akshat, Khamparia"]
[Result "0-1"]
[WhiteElo "1943"]
[BlackElo "2414"]
[EventDate "2012.01.15"]
[PlyCount "50"]

1.e4 c5 2.d4 cxd4 3.Nf3 Nc6 4.Nxd4 Qb6 5.Nb3 Nf6 6.Nc3 e6 7.Be3 Qc7 8.a3 
a6 9.Be2 b5 10.O-O Be7 11.f4 d6 12.Bf3 Bb7 13.Qe2 O-O 14.Rad1 Rfd8 15.Qf2 
Nd7 16.Rd2 Rab8 17.Rfd1 Ba8 18.Nd4 Na5 19.Rd3 Nc4 20.Bc1 Nc5 21.b3 Nxd3 
22.Rxd3 Nxa3 23.Bxa3 b4 24.Bb2 bxc3 25.Rxc3 Qb6 0-1

[Event "119th NZL-ch op"]
[Site "Queenstown NZL"]
[Date "2012.01.15"]
[Round "1"]
[White "Davis, Justin"]
[Black "Ganguly, Surya Shekhar"]
[Result "0-1"]
[WhiteElo "1985"]
[BlackElo "2639"]
[EventDate "2012.01.15"]
[PlyCount "68"]

1.d4 Nf6 2.c4 g6 3.Nc3 Bg7 4.Nf3 O-O 5.e4 d6 6.Be2 e5 7.O-O Nc6 8.d5 Ne7 
9.Ne1 Nd7 10.Nd3 f5 11.Be3 f4 12.Bd2 Nf6 13.c5 g5 14.f3 h5 15.cxd6 cxd6 
16.Nf2 Rf7 17.Rc1 Ng6 18.Nb5 g4 19.fxg4 hxg4 20.Rxc8 Rxc8 21.Bxg4 Nxg4 22.
Qxg4 Rf6 23.Bb4 Rc2 24.Bc3 f3 25.g3 Re2 26.Nxa7 Bh6 27.Qc8 Qxc8 28.Nxc8 
Be3 29.a4 Nf4 30.Ne7+ Kf7 31.gxf4 Kxe7 32.f5 Rf8 33.Be1 Rg8+ 34.Kh1 Rg2 
0-1

[Event "119th NZL-ch op"]
[Site "Queenstown NZL"]
[Date "2012.01.15"]
[Round "1"]
[White "Drummond, Matthew"]
[Black "Capper, David"]
[Result "1-0"]
[WhiteElo "2227"]
[BlackElo "1802"]
[EventDate "2012.01.15"]
[PlyCount "83"]

1.d4 Nf6 2.c4 c5 3.d5 b5 4.cxb5 a6 5.bxa6 g6 6.Nc3 d6 7.Nf3 Bxa6 8.g3 Bg7 
9.Bg2 Nbd7 10.Rb1 O-O 11.O-O Qc7 12.b3 Rfb8 13.Re1 Ng4 14.Bd2 Nge5 15.Qc2 
Rb7 16.h3 Rab8 17.Nh2 Nf6 18.a3 Ra7 19.Nf1 Bc8 20.a4 Ba6 21.Ne3 Rab7 22.f4
Ned7 23.Nc4 Bxc4 24.bxc4 Rb4 25.Nb5 Qb6 26.Bxb4 cxb4+ 27.e3 Qc5 28.Qb3 Nh5
29.g4 Nxf4 30.Bf1 g5 31.Qxb4 Qxb4 32.Rxb4 Ng6 33.Reb1 Ra8 34.Nd4 Nde5 35.
Nc6 Bf6 36.Nxe5 Nxe5 37.Rb8+ Rxb8 38.Rxb8+ Kg7 39.a5 Nd7 40.Rb5 e6 41.dxe6
fxe6 42.Rb7 1-0

[Event "119th NZL-ch op"]
[Site "Queenstown NZL"]
[Date "2012.01.15"]
[Round "1"]
[White "Duneas, John"]
[Black "Renzies, Elliott"]
[Result "1-0"]
[WhiteElo "2087"]
[BlackElo "1668"]
[EventDate "2012.01.15"]
[PlyCount "65"]

1.d4 Nf6 2.c4 e6 3.Nf3 Bb4+ 4.Nbd2 Qe7 5.g3 c6 6.Bg2 O-O 7.O-O d5 8.Qc2 
Nbd7 9.b3 Re8 10.Bb2 Nf8 11.e4 Bxd2 12.Nxd2 Ng6 13.Rfe1 dxc4 14.Nxc4 b5 
15.Ne5 Nxe5 16.dxe5 Ng4 17.h3 Nh6 18.Qxc6 Bd7 19.Qd6 Qxd6 20.exd6 f6 21.e5
Rac8 22.exf6 gxf6 23.Bxf6 Nf7 24.Be7 Nd8 25.Bxd8 Rexd8 26.Rac1 Kf7 27.Rc7 
a5 28.Rec1 Rb8 29.Be4 h6 30.Ra7 Rb6 31.Bc6 Ke8 32.Bxd7+ Rxd7 33.Rc8+ 1-0

[Event "119th NZL-ch op"]
[Site "Queenstown NZL"]
[Date "2012.01.15"]
[Round "1"]
[White "Fairbairn, Stephen"]
[Black "Watson, Jean"]
[Result "0-1"]
[WhiteElo "2052"]
[BlackElo "1571"]
[EventDate "2012.01.15"]
[PlyCount "110"]

1.c4 e6 2.g3 Nf6 3.Bg2 d5 4.d4 Be7 5.Nf3 O-O 6.O-O c6 7.Qc2 b6 8.b3 Bb7 9.
Bb2 Nbd7 10.Nbd2 Rc8 11.e4 Nxe4 12.Nxe4 dxe4 13.Qxe4 Nf6 14.Qe2 c5 15.Rad1
Qc7 16.Rfe1 cxd4 17.Bxd4 Rfd8 18.Be5 Qc5 19.Qb2 h6 20.Bc3 Qh5 21.Qe2 Ng4 
22.h3 Nf6 23.Rxd8+ Rxd8 24.Ne5 Qxe2 25.Rxe2 Rd1+ 26.Kh2 Bxg2 27.Kxg2 a5 
28.Nc6 Kf8 29.Nxe7 Kxe7 30.Rd2 Rxd2 31.Bxd2 Ne4 32.Be3 Nc5 33.Bd4 g6 34.
Kf3 f6 35.Ke2 e5 36.Be3 h5 37.Kd2 Kd7 38.Kc2 Kc6 39.a3 f5 40.b4 axb4 41.
axb4 Ne6 42.Kc3 g5 43.f3 f4 44.b5+ Kb7 45.Bf2 fxg3 46.Bxg3 Nd4 47.Bxe5 
Nxf3 48.Bd6 Ng1 49.c5 bxc5 50.Bxc5 Nxh3 51.Kd3 g4 52.Ke3 Ng5 53.Be7 Nf3 
54.Bd8 Ne1 55.Bh4 Ng2+ 0-1

[Event "119th NZL-ch op"]
[Site "Queenstown NZL"]
[Date "2012.01.15"]
[Round "1"]
[White "Forster, William"]
[Black "Morris, James"]
[Result "0-1"]
[WhiteElo "1910"]
[BlackElo "2354"]
[EventDate "2012.01.15"]
[PlyCount "98"]

1.Nf3 Nf6 2.c4 e6 3.g3 d5 4.Bg2 c6 5.b3 Bd6 6.Bb2 O-O 7.O-O Nbd7 8.d4 Qc7 
9.Nc3 b6 10.Rc1 Ba6 11.Nd2 Rad8 12.cxd5 c5 13.Nc4 cxd4 14.Qxd4 Bc5 15.Qf4 
Qxf4 16.gxf4 exd5 17.Nxd5 Nxd5 18.Bxd5 Nf6 19.Bf3 Nd5 20.Bxd5 Rxd5 21.Rfd1
Rfd8 22.Rxd5 Rxd5 23.e3 f6 24.Bc3 Kf7 25.Nb2 Kg6 26.Rd1 Rxd1+ 27.Nxd1 Kf5 
28.Nb2 Kg4 29.Nc4 h5 30.Nd2 Bb7 31.Nc4 h4 32.Bb2 b5 33.Na3 a6 34.Nc2 Be4 
35.Nd4 b4 36.Ne6 Be7 37.Nxg7 Bb1 38.Ne6 Bxa2 39.Nd4 Bc5 40.f3+ Kh3 41.Kh1 
Bxd4 42.Bxd4 Bxb3 43.f5 Bd1 44.Bxf6 Bxf3+ 45.Kg1 Kg4 46.Be7 b3 47.Ba3 Kxf5
48.Kf1 Ke4 49.Kf2 Bg4 0-1

[Event "119th NZL-ch op"]
[Site "Queenstown NZL"]
[Date "2012.01.15"]
[Round "1"]
[White "Gold, Hamish"]
[Black "Steadman, Michael"]
[Result "0-1"]
[WhiteElo "1830"]
[BlackElo "2258"]
[EventDate "2012.01.15"]
[PlyCount "72"]

1.e4 c5 2.b4 b6 3.a3 Bb7 4.e5 Nc6 5.bxc5 Nxe5 6.cxb6 Qxb6 7.Nc3 Nf6 8.Rb1 
Qc7 9.Nb5 Qc8 10.d4 Ng6 11.Qe2 e6 12.c4 Be7 13.h4 h5 14.Bg5 a6 15.Bxf6 
gxf6 16.Nc3 Bxa3 17.Qe3 Be7 18.Nf3 f5 19.Be2 Qc7 20.d5 Rb8 21.Rd1 Bb4 22.
O-O Qf4 23.Qa7 Bxc3 24.g3 Qc7 25.d6 Qc8 26.Rb1 O-O 27.Qe3 Bg7 28.Qg5 Bxf3 
29.Bxf3 Qxc4 30.Bxh5 Ne5 31.Rbc1 Qe4 32.Rfd1 Kh7 33.Rc7 Rb2 34.Rdc1 Bh6 
35.Qe7 Bxc1 36.Qxf8 Qe1+ 0-1

[Event "119th NZL-ch op"]
[Site "Queenstown NZL"]
[Date "2012.01.15"]
[Round "1"]
[White "Gu Xiaobing"]
[Black "Kay, Bruce"]
[Result "1-0"]
[WhiteElo "2244"]
[BlackElo "1823"]
[EventDate "2012.01.15"]
[PlyCount "57"]

1.e4 e5 2.Nc3 Nf6 3.Bc4 Nc6 4.d3 Bb4 5.Ne2 d6 6.Bg5 Be6 7.O-O O-O 8.f4 
Bc5+ 9.Kh1 Nd4 10.Nxd4 Bxd4 11.fxe5 dxe5 12.Bxf6 gxf6 13.Qh5 Kh8 14.Nd5 
Bxd5 15.Bxd5 Qe7 16.c3 Bc5 17.Rf3 f5 18.Qxf5 f6 19.b4 c6 20.Be6 Bb6 21.Rh3
Rad8 22.Qh5 Rd6 23.Bf5 Rf7 24.Rf1 Rg7 25.Rff3 Rd8 26.Bxh7 Rxh7 27.Qg6 Rg8 
28.Rxh7+ Qxh7 29.Qxf6+ 1-0

[Event "119th NZL-ch op"]
[Site "Queenstown NZL"]
[Date "2012.01.15"]
[Round "1"]
[White "Holland, Dennis"]
[Black "Bischoff, Klaus"]
[Result "0-1"]
[WhiteElo "1958"]
[BlackElo "2537"]
[EventDate "2012.01.15"]
[PlyCount "82"]

1.d4 Nf6 2.Nf3 e6 3.c4 b6 4.Bg5 h6 5.Bh4 Bb7 6.e3 c5 7.Nc3 cxd4 8.exd4 Be7
9.Bg3 d6 10.Be2 Nbd7 11.O-O O-O 12.Nd2 a6 13.Bf3 Qc7 14.Bxb7 Qxb7 15.Qf3 
Qxf3 16.Nxf3 Rfc8 17.Nd2 Nh5 18.Nce4 Nxg3 19.Nxg3 b5 20.Rac1 bxc4 21.Rxc4 
Nb6 22.Rcc1 Nd5 23.Nb3 Nb4 24.Rxc8+ Rxc8 25.Rc1 Rb8 26.Rc7 Bf6 27.Ne4 Nxa2
28.Ned2 d5 29.Kf1 Bg5 30.Rc2 a5 31.Ke2 a4 32.Nc5 Nb4 33.Rc3 Nc6 34.Nxa4 
Nxd4+ 35.Kd1 Bf6 36.Rd3 g5 37.h3 Kg7 38.Kc1 Ne2+ 39.Kb1 Nf4 40.Rg3 Bd4 41.
Rb3 Ra8 0-1

[Event "119th NZL-ch op"]
[Site "Queenstown NZL"]
[Date "2012.01.15"]
[Round "1"]
[White "Ikeda, Junta"]
[Black "Selnes, Hamish"]
[Result "1-0"]
[WhiteElo "2349"]
[BlackElo "1904"]
[EventDate "2012.01.15"]
[PlyCount "57"]

1.Nf3 Nf6 2.g3 g6 3.b3 Bg7 4.Bb2 d5 5.Bg2 O-O 6.c4 c6 7.O-O a5 8.d3 Na6 9.
cxd5 cxd5 10.a3 Qb6 11.Bd4 Qd8 12.b4 Nd7 13.Bxg7 Kxg7 14.Qb3 e6 15.Nc3 Nf6
16.d4 Bd7 17.b5 Nc7 18.Ne5 Nfe8 19.b6 Na6 20.e4 dxe4 21.Nxe4 f6 22.Nxd7 
Qxd7 23.Rfd1 f5 24.Nc5 Nxc5 25.dxc5 Qe7 26.c6 bxc6 27.Bxc6 Rd8 28.Rxd8 
Qxd8 29.Rd1 1-0

[Event "119th NZL-ch op"]
[Site "Queenstown NZL"]
[Date "2012.01.15"]
[Round "1"]
[White "Illingworth, Max"]
[Black "Watharow, Sean"]
[Result "1-0"]
[WhiteElo "2388"]
[BlackElo "1929"]
[EventDate "2012.01.15"]
[PlyCount "75"]

1.d4 c5 2.d5 e5 3.e4 d6 4.Bb5+ Nd7 5.a4 a6 6.Be2 g6 7.Nf3 Bg7 8.Nc3 Ne7 9.
Nd2 f5 10.Nc4 Nf6 11.f3 b6 12.Be3 Rb8 13.Rb1 b5 14.axb5 O-O 15.bxa6 Bxa6 
16.Qd2 Rb4 17.b3 Bxc4 18.Bxc4 fxe4 19.Nxe4 Nf5 20.Bg5 Nxe4 21.fxe4 Qb8 22.
O-O Nd4 23.Rxf8+ Bxf8 24.Rf1 Rb7 25.h3 Rf7 26.Rxf7 Kxf7 27.c3 Nb5 28.Be2 
Kg8 29.Bg4 Nc7 30.Qa2 h6 31.Bh4 h5 32.Bd7 Kh7 33.Qf2 Bg7 34.Qf7 Qf8 35.
Qxf8 Bxf8 36.Bd8 Na6 37.Bb5 c4 38.b4 1-0

[Event "119th NZL-ch op"]
[Site "Queenstown NZL"]
[Date "2012.01.15"]
[Round "1"]
[White "Johansen, Darryl"]
[Black "Lovejoy, David"]
[Result "1-0"]
[WhiteElo "2403"]
[BlackElo "1939"]
[EventDate "2012.01.15"]
[PlyCount "58"]

1.c4 g6 2.d4 Bg7 3.e4 c5 4.d5 e5 5.Nc3 d6 6.Bd3 a6 7.h3 Ne7 8.g4 O-O 9.Nf3
Nd7 10.Qe2 Nf6 11.Be3 Bd7 12.Nd2 h6 13.f3 Ne8 14.h4 f5 15.gxf5 gxf5 16.
exf5 Nxf5 17.Bxf5 Bxf5 18.Nde4 Nf6 19.O-O-O Nh5 20.Rdg1 Nf4 21.Qd2 Bxe4 
22.Nxe4 b5 23.Rg4 bxc4 24.Rhg1 Rf7 25.Bxf4 exf4 26.Rg6 Raa7 27.Nxd6 Rf6 
28.Qg2 Rxg6 29.Qxg6 Qf8 1-0

[Event "119th NZL-ch op"]
[Site "Queenstown NZL"]
[Date "2012.01.15"]
[Round "1"]
[White "Jones, Gawain"]
[Black "Janisz, Andrew"]
[Result "1-0"]
[WhiteElo "2653"]
[BlackElo "1989"]
[EventDate "2012.01.15"]
[PlyCount "89"]

1.e4 d6 2.Nc3 g6 3.f4 Bg7 4.Nf3 e5 5.fxe5 dxe5 6.Bc4 Nc6 7.O-O Nf6 8.d3 
Bg4 9.h3 Be6 10.Bxe6 fxe6 11.Bg5 h6 12.Bxf6 Bxf6 13.Nd2 Qe7 14.Qg4 Bg5 15.
Nc4 h5 16.Qg3 O-O-O 17.Ne2 Rhg8 18.Kh1 Bh4 19.Qe3 Rdf8 20.c3 Rxf1+ 21.Rxf1
Rf8 22.Rxf8+ Qxf8 23.Kg1 a5 24.a4 Be7 25.Qf3 Bc5+ 26.Kh2 Qe7 27.Nc1 Qg5 
28.Nb3 Be7 29.Nbxa5 Nxa5 30.Nxa5 Qf4+ 31.Qxf4 exf4 32.g4 hxg4 33.hxg4 c6 
34.e5 Kc7 35.Kg2 b6 36.Nb3 g5 37.Kf3 c5 38.Ke4 Kc6 39.d4 c4 40.Nd2 b5 41.
axb5+ Kxb5 42.d5 exd5+ 43.Kxd5 Bc5 44.Nf3 Be3 45.Nxg5 1-0

[Event "119th NZL-ch op"]
[Site "Queenstown NZL"]
[Date "2012.01.15"]
[Round "1"]
[White "Ker, Anthony"]
[Black "Holt, Kenneth"]
[Result "1-0"]
[WhiteElo "2359"]
[BlackElo "1914"]
[EventDate "2012.01.15"]
[PlyCount "109"]

1.e4 c6 2.d4 d5 3.exd5 cxd5 4.c4 Nf6 5.Nc3 e6 6.cxd5 Nxd5 7.Nf3 Be7 8.Bd3 
O-O 9.O-O Nd7 10.Nxd5 exd5 11.Re1 Nf6 12.Qb3 b6 13.Bf4 Be6 14.Ba6 Bc8 15.
Bb5 Bd7 16.a4 Bxb5 17.axb5 Bd6 18.Bg5 h6 19.Bxf6 Qxf6 20.Qxd5 Rfd8 21.Qb7 
Qf5 22.Ne5 Bxe5 23.Rxe5 Qd7 24.Qe4 Rac8 25.h3 Rc7 26.Qd3 Qd6 27.Rae1 Rf8 
28.Re8 Rd7 29.Rxf8+ Qxf8 30.d5 g6 31.Re5 Kh7 32.Qd4 Qc5 33.Qxc5 bxc5 34.d6
Rxd6 35.Rxc5 Rd7 36.Kf1 Kg7 37.Ke2 Rb7 38.Kd3 Kf6 39.Kc4 Ke6 40.b4 Kd6 41.
Rc6+ Kd7 42.Kc5 h5 43.Rd6+ Kc7 44.Rf6 Kd8 45.b6 Ke7 46.bxa7 Rxa7 47.Rf3 
Kd8 48.b5 Re7 49.Rf6 Kc7 50.Rc6+ Kb7 51.Kd6 Re6+ 52.Kd7 Re5 53.Rf6 Rxb5 
54.Ke7 Rg5 55.g3 1-0

[Event "119th NZL-ch op"]
[Site "Queenstown NZL"]
[Date "2012.01.15"]
[Round "1"]
[White "King, Mathew"]
[Black "Bojkov, Dejan"]
[Result "0-1"]
[WhiteElo "1961"]
[BlackElo "2553"]
[EventDate "2012.01.15"]
[PlyCount "64"]

1.c4 Nf6 2.g3 g6 3.Bg2 Bg7 4.Nc3 O-O 5.e4 d6 6.Nge2 c5 7.O-O Nc6 8.d3 Ne8 
9.Be3 Nd4 10.Qd2 Rb8 11.Bh6 Nxe2+ 12.Nxe2 Bxh6 13.Qxh6 b5 14.cxb5 Rxb5 15.
Qd2 Qb6 16.Rab1 Nc7 17.d4 Ba6 18.Rfc1 Rb8 19.Rc2 Ra5 20.dxc5 Rxc5 21.Rxc5 
Qxc5 22.Rc1 Qb6 23.Nd4 Qxb2 24.Qxb2 Rxb2 25.Rxc7 Rb1+ 26.Bf1 Bxf1 27.f3 e5
28.Nb3 Bh3+ 29.Nc1 Rb2 30.Nb3 Rg2+ 31.Kh1 Rxa2 32.Rc1 Bg2+ 0-1

[Event "119th NZL-ch op"]
[Site "Queenstown NZL"]
[Date "2012.01.15"]
[Round "1"]
[White "Li Zuhao, Luke"]
[Black "Brown, Kevin"]
[Result "1-0"]
[WhiteElo "2165"]
[BlackElo "1728"]
[EventDate "2012.01.15"]
[PlyCount "55"]

1.d4 d5 2.c4 c6 3.Nf3 Nf6 4.Nc3 Qb6 5.Qc2 Bg4 6.c5 Qc7 7.Ne5 Nbd7 8.Nxg4 
Nxg4 9.Qf5 h5 10.h3 g6 11.Qf3 Ngf6 12.Bf4 Qc8 13.e3 Bg7 14.b4 Nf8 15.Bd3 
Ne6 16.Be5 b6 17.O-O b5 18.a4 a6 19.axb5 axb5 20.Bxf6 Rxa1 21.Rxa1 Bxf6 
22.Nxd5 O-O 23.Nxf6+ exf6 24.Qxf6 Qd7 25.Be4 Rc8 26.Ra6 Qb7 27.Bxg6 Ng5 
28.Rb6 1-0

[Event "119th NZL-ch op"]
[Site "Queenstown NZL"]
[Date "2012.01.15"]
[Round "1"]
[White "Lim Kian Hwa"]
[Black "Cheng, Bobby"]
[Result "0-1"]
[WhiteElo "1922"]
[BlackElo "2375"]
[EventDate "2012.01.15"]
[PlyCount "88"]

1.e4 e6 2.d4 d5 3.Nc3 Bb4 4.Bd2 dxe4 5.Qg4 Qxd4 6.Nf3 f5 7.Nxd4 fxg4 8.Bc4
Nf6 9.O-O-O e5 10.Ndb5 Na6 11.Bg5 Be7 12.Rhe1 Bf5 13.Be3 c6 14.Nd6+ Bxd6 
15.Bxa6 Ba3 16.Bc4 Be7 17.Rd2 Rf8 18.g3 Nd7 19.a3 h6 20.Kb1 b6 21.Red1 Bc5
22.Nxe4 Bxe4 23.Rxd7 Bxe3 24.fxe3 Bd5 25.R7xd5 cxd5 26.Rxd5 Rf2 27.Rxe5+ 
Kf8 28.Rh5 Re8 29.Rh4 Rxe3 30.Rxg4 Rxh2 31.Rf4+ Ke8 32.Bf7+ Ke7 33.Bb3 
Rxg3 34.Rf7+ Kd6 35.Rxa7 h5 36.Ba4 h4 37.Rd7+ Ke5 38.Re7+ Kf6 39.Rb7 Re2 
40.Bb3 h3 41.Rf7+ Kg6 42.Rb7 Rxb3 43.cxb3 h2 44.Rxb6+ Kh7 0-1

[Event "119th NZL-ch op"]
[Site "Queenstown NZL"]
[Date "2012.01.15"]
[Round "1"]
[White "Louie, Ryan"]
[Black "Johnson, Quentin"]
[Result "1-0"]
[WhiteElo "1677"]
[BlackElo "2127"]
[EventDate "2012.01.15"]
[PlyCount "93"]

1.e4 c5 2.Nf3 Nc6 3.d4 cxd4 4.Nxd4 Nf6 5.Nc3 d6 6.Be2 e5 7.Ndb5 a6 8.Na3 
b5 9.Nab1 b4 10.Na4 Qa5 11.b3 Nxe4 12.O-O Be7 13.Bf3 Bf5 14.Re1 d5 15.Be3 
Rb8 16.Nd2 Nxd2 17.Qxd2 e4 18.Bf4 Rd8 19.Be2 O-O 20.Bf1 Bf6 21.Rac1 Rfe8 
22.Qe2 Bc8 23.Red1 h6 24.Qh5 Ne5 25.h3 d4 26.Qe2 Ng6 27.Bd2 Bg5 28.a3 Bxd2
29.Qxd2 e3 30.fxe3 dxe3 31.Qxb4 Rxd1 32.Rxd1 Qxb4 33.axb4 e2 34.Bxe2 Bb7 
35.Bf1 Rc8 36.Nc5 Rc7 37.Nxb7 Rxb7 38.Bxa6 Rxb4 39.Rd8+ Nf8 40.Bc4 g5 41.
Rc8 Rb7 42.Bd5 Ra7 43.c4 Kg7 44.b4 Ng6 45.b5 Ne7 46.Ra8 Rd7 47.Bf3 1-0

[Event "119th NZL-ch op"]
[Site "Queenstown NZL"]
[Date "2012.01.15"]
[Round "1"]
[White "Machdoem, Andhika"]
[Black "Brockman, Roland"]
[Result "1-0"]
[WhiteElo "2129"]
[BlackElo "1703"]
[EventDate "2012.01.15"]
[PlyCount "127"]

1.Nf3 d5 2.c4 dxc4 3.Qa4+ Qd7 4.Qxc4 Qc6 5.e3 Qxc4 6.Bxc4 Nc6 7.d4 Bf5 8.
Nc3 e6 9.e4 Bg4 10.Be3 Bxf3 11.gxf3 O-O-O 12.O-O-O Nf6 13.Rd2 Na5 14.Be2 
Bb4 15.Rc2 Kb8 16.Nb5 Nc6 17.Rd1 a6 18.Nc3 Rd7 19.Bf1 Rhd8 20.Ne2 Ba5 21.
a3 Bb6 22.Rcd2 Na5 23.Rd3 Nc4 24.Bg5 Ne5 25.Rc3 Bxd4 26.Rxd4 Rxd4 27.Nxd4 
Rxd4 28.Kc2 Nfd7 29.Be3 Rd6 30.Be2 Rc6 31.Bd4 Rxc3+ 32.Bxc3 f6 33.h4 c5 
34.h5 h6 35.f4 Nc6 36.Bg4 Nf8 37.Kd3 b5 38.Bd2 Kc7 39.Be3 c4+ 40.Kc3 Kd6 
41.Bf3 e5 42.Bg4 Ne6 43.Bxe6 Kxe6 44.f5+ Kd6 45.Bb6 Ne7 46.a4 bxa4 47.Kxc4
Kc6 48.Bc5 Nc8 49.Bf8 Nd6+ 50.Kd3 Ne8 51.f3 Kb5 52.Kc3 a5 53.Ba3 Nc7 54.
Be7 Ne8 55.Bf8 Kc6 56.Kc4 Kb6 57.Kd5 Nc7+ 58.Kd6 Nb5+ 59.Ke7 Nd4 60.Bxg7 
Nxf3 61.Kxf6 Kc5 62.Bxh6 Kc4 63.Bc1 Kd3 64.h6 1-0

[Event "119th NZL-ch op"]
[Site "Queenstown NZL"]
[Date "2012.01.15"]
[Round "1"]
[White "Mitchell, Robert"]
[Black "Jones, Brian"]
[Result "0-1"]
[WhiteElo "1672"]
[BlackElo "2092"]
[EventDate "2012.01.15"]
[PlyCount "58"]

1.d4 Nf6 2.Nf3 g6 3.Nc3 Bg7 4.Bf4 d6 5.e3 O-O 6.Be2 a6 7.a4 b6 8.h4 h5 9.
Nh2 Bb7 10.Rg1 Qe8 11.g4 e5 12.dxe5 dxe5 13.Bg5 hxg4 14.Nxg4 Nxg4 15.Bxg4 
f6 16.Nd5 Qf7 17.Bf3 fxg5 18.Ne7+ Kh7 19.Nxg6 Bxf3 20.Nxf8+ Qxf8 21.Qd3+ 
e4 22.Qd5 g4 23.Qh5+ Bh6 24.Rxg4 Bxg4 25.Qxg4 Qf3 26.Qxf3 exf3 27.O-O-O 
Ra7 28.Rd8 Nc6 29.Rf8 Bxf8 0-1

[Event "119th NZL-ch op"]
[Site "Queenstown NZL"]
[Date "2012.01.15"]
[Round "1"]
[White "Pieri, Enzo"]
[Black "Repplinger, Marc"]
[Result "0-1"]
[WhiteElo "1771"]
[BlackElo "2241"]
[EventDate "2012.01.15"]
[PlyCount "88"]

1.d4 e6 2.c4 f5 3.Nc3 Nf6 4.Bg5 Bb4 5.a3 Bxc3+ 6.bxc3 h6 7.Bxf6 Qxf6 8.e3 
O-O 9.Qd2 b6 10.Be2 Bb7 11.Bf3 Bxf3 12.Nxf3 Nc6 13.O-O d6 14.Rad1 Rad8 15.
Qc2 Na5 16.Nd2 c5 17.d5 e5 18.f3 Kh8 19.Qd3 Rde8 20.Rde1 g6 21.Kh1 Re7 22.
g3 h5 23.h4 g5 24.hxg5 Qxg5 25.Rg1 Rg8 26.Re2 Rh7 27.Rh2 h4 28.g4 e4 29.
fxe4 fxg4 30.e5 h3 31.Ne4 Qxe5 32.Rg3 Rg6 33.Rf2 Rhg7 34.Rf4 Qh5 35.Rf8+ 
Rg8 36.Rf7 Qh4 37.Qf1 Nb3 38.Qf4 Nc1 39.Nf6 Ne2 40.Qxd6 Rxf6 41.Rxf6 Nxg3+
42.Kh2 Nf5 43.Rxf5 g3+ 44.Kg1 h2+ 0-1

[Event "119th NZL-ch op"]
[Site "Queenstown NZL"]
[Date "2012.01.15"]
[Round "1"]
[White "Pinic, Noel"]
[Black "Judkins, Gary"]
[Result "1-0"]
[WhiteElo "2066"]
[BlackElo "1619"]
[EventDate "2012.01.15"]
[PlyCount "49"]

1.d4 d5 2.c4 dxc4 3.Nc3 Nf6 4.e4 e6 5.Bxc4 Be7 6.f4 a6 7.a4 O-O 8.Nf3 Ne8 
9.O-O Nd7 10.Be3 Nd6 11.Bd3 b6 12.Qc2 f5 13.e5 Nb7 14.Bc4 Nb8 15.d5 Bc5 
16.Bxc5 Nxc5 17.b4 Nb7 18.dxe6 Kh8 19.Rad1 Qe8 20.Ng5 h6 21.Nf7+ Kh7 22.
Qxf5+ Kg8 23.Qg6 Nd8 24.Rxd8 Qc6 25.Nxh6+ 1-0

[Event "119th NZL-ch op"]
[Site "Queenstown NZL"]
[Date "2012.01.15"]
[Round "1"]
[White "Press, Harry"]
[Black "Dive, Russell John"]
[Result "1/2-1/2"]
[WhiteElo "1884"]
[BlackElo "2345"]
[EventDate "2012.01.15"]
[PlyCount "47"]

1.e4 Nf6 2.e5 Nd5 3.d4 d6 4.Nf3 Nc6 5.c4 Nb6 6.exd6 exd6 7.Nc3 Be7 8.Be2 
O-O 9.O-O a5 10.Be3 Bf6 11.d5 Nb4 12.Nd4 Bd7 13.a3 Na6 14.Nb3 a4 15.Nd2 
Nc5 16.Nce4 Bf5 17.Nxc5 dxc5 18.g4 Bd7 19.Ne4 Ra5 20.Bd2 Ra7 21.Be3 Ra5 
22.Bd2 Ra7 23.Be3 Ra5 24.Bd2 1/2-1/2

[Event "119th NZL-ch op"]
[Site "Queenstown NZL"]
[Date "2012.01.15"]
[Round "1"]
[White "Rains, Timothy"]
[Black "Matheson, Laurence"]
[Result "0-1"]
[WhiteElo "1737"]
[BlackElo "2167"]
[EventDate "2012.01.15"]
[PlyCount "76"]

1.d4 Nf6 2.c4 c5 3.d5 e6 4.Nc3 exd5 5.cxd5 d6 6.Nf3 a6 7.Bf4 b5 8.a3 g6 9.
e4 Bg7 10.Be2 O-O 11.O-O b4 12.Na2 bxa3 13.Nc3 axb2 14.Rb1 Re8 15.Nd2 Nh5 
16.Bxh5 Bxc3 17.Bf3 Qf6 18.Bg3 a5 19.Nc4 Ba6 20.Qa4 Rd8 21.Rfd1 Bxc4 22.
Qxc4 a4 23.Rd3 a3 24.Qa2 c4 25.Re3 Nd7 26.Bxd6 Qxd6 27.Rxc3 Qb4 28.Re3 Nc5
29.Be2 c3 30.Bd1 Nxe4 31.Bc2 Nd2 32.Rd1 Qc4 33.Bb1 Qxa2 34.Bxa2 c2 35.Ree1
cxd1=Q 36.Rxd1 Rac8 37.Bb1 Rc1 38.Bc2 b1=R 0-1

[Event "119th NZL-ch op"]
[Site "Queenstown NZL"]
[Date "2012.01.15"]
[Round "1"]
[White "Reilly, Tim"]
[Black "Ayaz, Hacer"]
[Result "1-0"]
[WhiteElo "2266"]
[BlackElo "1846"]
[EventDate "2012.01.15"]
[PlyCount "79"]

1.d4 d5 2.c4 Nf6 3.Nc3 c6 4.e3 Nbd7 5.Nf3 e6 6.Qc2 dxc4 7.Bxc4 Nb6 8.Bd3 
Be7 9.O-O O-O 10.e4 h6 11.Re1 Qc7 12.g3 Nfd7 13.Bf4 Qd8 14.Rac1 g5 15.Be3 
Qc7 16.Qe2 e5 17.a4 a5 18.Nxe5 Nxe5 19.dxe5 Nd7 20.f4 Kg7 21.Qh5 Qd8 22.
Bc4 Qe8 23.Bd4 f6 24.Qxe8 Rxe8 25.e6 Nc5 26.f5 b6 27.Kg2 Bb7 28.e5 Rad8 
29.exf6+ Bxf6 30.Bxc5 bxc5 31.Ne4 Bc8 32.b3 Bd4 33.Rf1 Kf8 34.Kh3 Kg7 35.
Rcd1 Kh7 36.Kg4 Re7 37.Nxc5 Ra7 38.Kh5 Bf6 39.Rxd8 Bxd8 40.f6 1-0